Banquet and catering management / (Record no. 2526)

MARC details
000 -LEADER
fixed length control field 00677nam a22002057a 4500
005 - DATE AND TIME OF LATEST TRANSACTION
control field 20260219072946.0
008 - FIXED-LENGTH DATA ELEMENTS--GENERAL INFORMATION
fixed length control field 260219b |||||||| |||| 00| 0 eng d
020 ## - INTERNATIONAL STANDARD BOOK NUMBER
International Standard Book Number 978-621-8179-84-4
082 ## - DEWEY DECIMAL CLASSIFICATION NUMBER
Classification number Fil. 647.95 R788 2022
100 ## - MAIN ENTRY--PERSONAL NAME
Personal name Rosalda, Francis Alvin E.
9 (RLIN) 288
245 ## - TITLE STATEMENT
Title Banquet and catering management /
Statement of responsibility, etc. Francis Alvin E. Rosalda, Angelie Marie L. Vizconde
260 ## - PUBLICATION, DISTRIBUTION, ETC.
Place of publication, distribution, etc. Manila:
Name of publisher, distributor, etc. EDRIC Publishing House,
Date of publication, distribution, etc. c2023
300 ## - PHYSICAL DESCRIPTION
Extent 92p.:
Other physical details ill.
504 ## - BIBLIOGRAPHY, ETC. NOTE
Bibliography, etc. note Includes bibliographical references
541 ## - IMMEDIATE SOURCE OF ACQUISITION NOTE
Accession number 7928 c.1, 7929 c.2
650 ## - SUBJECT ADDED ENTRY--TOPICAL TERM
Topical term or geographic name entry element Dining
9 (RLIN) 286
650 ## - SUBJECT ADDED ENTRY--TOPICAL TERM
Topical term or geographic name entry element Catering
9 (RLIN) 287
650 ## - SUBJECT ADDED ENTRY--TOPICAL TERM
Topical term or geographic name entry element Food service
9 (RLIN) 241
700 ## - ADDED ENTRY--PERSONAL NAME
Personal name Vizconde, Angelie Marie L.
Relator term author
9 (RLIN) 275
Holdings
Withdrawn status Lost status Source of classification or shelving scheme Damaged status Not for loan Home library Current library Date acquired Total Checkouts Full call number Barcode Date last seen Copy number Price effective from Koha item type
    Dewey Decimal Classification     ctu-moalboal ctu-moalboal 06/20/2024   Fil. 647.95 R788 2023 7928 02/19/2026 1 02/19/2026 Books-Filipiniana
    Dewey Decimal Classification     ctu-moalboal ctu-moalboal 06/20/2024   Fil. 647.95 R788 2023 7929 02/19/2026 2 02/19/2026 Books-Filipiniana